Talk - Coldplay (all lyrics) - Statistics

General Stats
  • This quiz has been taken 48 times
  • The average score is 162 of 217
Answer Stats
Answer % Correct
I
100%
a
95%
be
95%
can
95%
can't,
95%
can't
95%
Oh,
95%
talk
95%
talk,
95%
to
95%
you
95%
You
95%
brother,
89%
so
89%
So
89%
the
89%
wanna
89%
And
84%
and
84%
been
84%
do
84%
Do
84%
don't
84%
get
84%
In
84%
in
84%
it
84%
of
84%
future
79%
it's
79%
me
79%
see
79%
about
74%
'cause
74%
hard
74%
I've
74%
know
74%
Or
74%
or
74%
picture
74%
scared
74%
through
74%
trying
74%
what
74%
where
74%
reach
68%
something
68%
sun
68%
take
68%
true
68%
your
68%
believe
63%
done
63%
I'm
63%
Let's
63%
let's
63%
nobody
63%
Tell
63%
tell
63%
write
63%
you're
63%
feel
58%
feel?
58%
going
58%
has
58%
like
58%
never
58%
song
58%
that's
58%
up
58%
will
58%
Are
53%
but
53%
climb
53%
how
53%
ladder
53%
speak
53%
sung
53%
talking
53%
they're
53%
find
47%
language
47%
missing
47%
piece
47%
at
42%
incomplete?
42%
listen,
42%
lost
42%
making
42%
puzzle?
42%
sense
42%
Well,
42%
all
37%
any
37%
anyone
37%
before
37%
Nothing's
37%
you've
37%
really
32%
who'll
32%
ignored
26%
No matching quizzes found
Score Distribution
Percent of People with Each Score
Percentile by Number Answered
Your Score History
You have not taken this quiz